Ancient Rome Quiz - Statistics

General Stats
  • This quiz has been taken 20 times
  • The average score is 6 of 10
Answer Stats
Hint Answer % Correct
Country where Rome is located now. Italy
100%
Series of wars fought against Carthage. Punic Wars
94%
Person murdered of March 15th. Julius Caesar
88%
River Rome is on. Tiber River
88%
Eastern part of Rome. Byzantine Empire
56%
Final stage Empire
56%
Second stage Republic
56%
When the empire fell 476 AD
50%
First stage. Kingdom
31%
Part of UK (Not the main part) that Rome captured Gibraltar
25%
No matching quizzes found
Score Distribution
Percent of People with Each Score
Percentile by Number Answered
Your Score History
You have not taken this quiz